Olympischer Medaillenspiegel - Schießen - Statistiken

Allgemein
  • Dieses Quiz wurde 27 mal gespielt
  • Das Durchschnittsergebnis liegt bei 12 aus 16
Antwortstatistiken
Gesamt Gold Silber Bronze Land % Korrekt
24 10 9 5 Deutschland
100%
30 9 12 9 Frankreich
100%
43 16 16 11 Italien
96%
116 57 31 28 Vereinigte Staaten
96%
31 7 13 11 Russland
88%
67 26 16 25 China
81%
32 13 8 11 Norwegen
73%
57 15 24 18 Schweden
73%
21 4 7 10 Finnland
69%
17 7 9 1 Südkorea
69%
49 27 15 17 Sowjetunion
65%
23 7 6 10 Schweiz
58%
19 3 11 5 Dänemark
54%
47 13 15 19 Großbritannien
50%
17 7 3 7 Ungarn
50%
17 4 7 6 Bulgarien
35%
Keine übereinstimmenden Quizze gefunden
Verteilung der Resultate
Anzahl Personen mit jedem Resultat
Perzentil nach korrekt beantworteten Fragen
Ihre Resultats-Entwicklung
Sie haben dieses Quiz noch nicht gespielt